000
00301nam a2200121Ia 4500
008
191201s2015 xx 000 0 und d
100
_a
SHARMA,Neelam
245
0
_a
Reinforced Cement Concrete Design
260
_a
N. Delhi
_b
S.K. Kataria
_c
2015
300
_a
NULL
650
_a
B.Tech(CE)
942
_2
ddc
_c
BK
999
_c
486
_d
486